[Event "NED-chT 0001 playoff"]
[Site "Breda"]
[Date "2001.05.24"]
[Round "1.9"]
[White "Rogers, Ian"]
[Black "Langeweg, Kick"]
[Result "1-0"]
[WhiteElo "2528"]
[BlackElo "2298"]
[PlyCount "41"]
[EventDate "2001.05.24"]
[EventType "team-k.o."]
[EventRounds "2"]
[EventCountry "NED"]
[SourceTitle "CBM 082 Extra"]
[Source "ChessBase"]
[SourceDate "2001.07.03"]
[SourceVersion "1"]
[SourceVersionDate "2001.07.03"]
[SourceQuality "1"]
[WhiteTeam "Hilversum HSG"]
[BlackTeam "Magnus/BSG Bussum"]
[WhiteTeamCountry "NED"]
[BlackTeamCountry "NED"]

1. d4 Nf6 2. Bg5 d5 3. Bxf6 exf6 4. e3 c6 5. c4 dxc4 6. Bxc4 Bd6 7. Nc3 0-0 8. Nf3 Nd7 9. 0-0 Nb6 10. Bb3 Qe7 11. Re1 Bd7 12. e4 Rad8 13. h3 Bb8 14. Qc2 Qd6 15. a4 a5 16. e5 fxe5 17. Rxe5 Bc7 18. Rh5 g6 19. Ne4 Qf4 20. Rh4 Qf5 21. Qd2 1-0

[Event "NED-chT 0001"]
[Site "Netherlands"]
[Date "2001.01.06"]
[Round "3.10"]
[White "De Roda Husman, Juan"]
[Black "Langeweg, Kick"]
[Result "0-1"]
[WhiteElo "2327"]
[BlackElo "2298"]
[PlyCount "82"]
[EventDate "2000.11.18"]
[EventType "team-tourn"]
[EventRounds "9"]
[EventCountry "NED"]
[SourceTitle "EXT 2015"]
[Source "ChessBase"]
[SourceDate "2014.11.20"]
[SourceVersion "1"]
[SourceVersionDate "2014.11.20"]
[SourceQuality "1"]
[WhiteTeam "Amstelveen Zukertort"]
[BlackTeam "Magnus/BSG Bussum"]
[WhiteTeamCountry "NED"]
[BlackTeamCountry "NED"]

1. d4 Nf6 2. c4 e6 3. g3 d5 4. Bg2 Bb4+ 5. Bd2 Be7 6. Nf3 0-0 7. 0-0 c6 8. Qb3 b6 9. Bf4 Nbd7 10. Nc3 Bb7 11. Rad1 Nh5 12. Bc1 f5 13. Qc2 Qe8 14. b3 Rc8 15. Bb2 Nhf6 16. e3 Bd6 17. Ne2 c5 18. dxc5 Nxc5 19. Qb1 Qe7 20. Ne5 Nfe4 21. Rfe1 Rfd8 22. cxd5 Bxd5 23. Nf4 Bb7 24. Nc4 Bb8 25. Rxd8+ Rxd8 26. Rd1 e5 27. Rxd8+ Qxd8 28. Bxe5 Bxe5 29. Nxe5 Qd2 30. Qf1 Ba6 31. Nc4 Qxa2 32. Qd1 Qxf2+ 33. Kh1 Bxc4 34. Qd8+ Kf7 35. Qc7+ Ke8 36. Qb8+ Ke7 37. Qe5+ Ne6 38. Bh3 Qf3+ 39. Kg1 Qxe3+ 40. Kg2 Bf1+ 41. Kh1 Nf2+ 0-1

[Event "NED-chT 9900"]
[Site "Netherlands"]
[Date "2000.02.27"]
[Round "4"]
[White "Boersma, Paul"]
[Black "Langeweg, Kick"]
[Result "1/2-1/2"]
[WhiteElo "2331"]
[BlackElo "2290"]
[PlyCount "34"]
[EventDate "2000.02.05"]
[EventType "team-tourn"]
[EventRounds "9"]
[EventCountry "NED"]
[SourceTitle "CBM 074 Extra"]
[Source "ChessBase"]
[SourceDate "2000.03.10"]
[SourceVersion "2"]
[SourceVersionDate "2000.03.10"]
[SourceQuality "1"]
[WhiteTeam "Hilversum HSG"]
[BlackTeam "Bussum"]
[WhiteTeamCountry "NED"]
[BlackTeamCountry "NED"]

1. e4 c5 2. Nf3 e6 3. d3 Nc6 4. g3 g6 5. Bg5 Qc7 6. c3 h6 7. Be3 Nf6 8. h3 d5 9. Qc2 b6 10. Bg2 Bb7 11. 0-0 Bg7 12. Na3 dxe4 13. dxe4 0-0 14. Rfd1 Rad8 15. Nc4 Rxd1+ 16. Rxd1 Rd8 17. Bf4 Rxd1+ 1/2-1/2

[Event "NED-chT 9900"]
[Site "Netherlands"]
[Date "2000.02.06"]
[Round "2"]
[White "Retera, Joost"]
[Black "Langeweg, Kick"]
[Result "0-1"]
[WhiteElo "2230"]
[BlackElo "2290"]
[PlyCount "36"]
[EventDate "2000.02.05"]
[EventType "team-tourn"]
[EventRounds "9"]
[EventCountry "NED"]
[SourceTitle "CBM 074 Extra"]
[Source "ChessBase"]
[SourceDate "2000.03.10"]
[SourceVersion "2"]
[SourceVersionDate "2000.03.10"]
[SourceQuality "1"]
[WhiteTeam "Nijmegen"]
[BlackTeam "Bussum"]
[WhiteTeamCountry "NED"]
[BlackTeamCountry "NED"]

1. d4 Nf6 2. Bg5 d5 3. Nd2 c6 4. e3 Bf5 5. Bxf6 gxf6 6. Ngf3 e6 7. Nh4 Bg6 8. c3 Nd7 9. Nxg6 hxg6 10. e4 dxe4 11. Nxe4 f5 12. Nd2 Qc7 13. g3 0-0-0 14. Qa4 Kb8 15. 0-0-0 c5 16. Nb3 Nb6 17. Qa5 c4 18. Nd2 Rd5 0-1

[Event "NED-chT"]
[Site "Netherlands"]
[Date "1997.??.??"]
[Round "?"]
[White "Lanchava, Tea"]
[Black "Langeweg, Kick"]
[Result "1-0"]
[WhiteElo "2265"]
[BlackElo "2335"]
[PlyCount "61"]
[EventDate "1997.??.??"]
[EventType "team"]
[EventRounds "9"]
[EventCountry "NED"]
[SourceTitle "EXT 2007"]
[Source "ChessBase"]
[SourceDate "2006.11.23"]
[SourceVersion "1"]
[SourceVersionDate "2006.11.23"]
[SourceQuality "1"]

1. d4 Nf6 2. c4 e6 3. Nc3 Bb4 4. Nf3 b6 5. g3 Bb7 6. Bg2 c5 7. 0-0 0-0 8. d5 Bxc3 9. bxc3 exd5 10. Nh4 Nc6 11. cxd5 Na5 12. Nf5 d6 13. Bf4 Ne8 14. e4 Bc8 15. g4 Kh8 16. Re1 Nc4 17. Bg3 b5 18. Bf1 Na3 19. Qb3 b4 20. cxb4 cxb4 21. Rac1 a5 22. h3 h5 23. Qf3 g6 24. Nd4 hxg4 25. hxg4 Kg7 26. Qf4 Rh8 27. Nc6 Qd7 28. Bg2 Nf6 29. e5 dxe5 30. Nxe5 Qb7 31. Rc6 1-0

[Event "Biel MTO op"]
[Site "Biel"]
[Date "1997.??.??"]
[Round "9"]
[White "Langeweg, Kick"]
[Black "Haist, Wolfgang"]
[Result "0-1"]
[WhiteElo "2335"]
[BlackElo "2245"]
[PlyCount "66"]
[EventDate "1997.07.21"]
[EventType "swiss"]
[EventRounds "11"]
[EventCountry "SUI"]
[SourceTitle "CBM 060 Extra"]
[Source "ChessBase"]
[SourceDate "1997.11.04"]
[SourceVersion "1"]
[SourceVersionDate "1997.11.04"]
[SourceQuality "1"]

1. d4 Nf6 2. Nf3 e6 3. c4 c5 4. d5 exd5 5. cxd5 d6 6. Nc3 g6 7. Nd2 Bg7 8. Nc4 0-0 9. g3 Re8 10. Bg2 Bf5 11. Bf4 Nh5 12. Bd2 Qd7 13. a4 Na6 14. 0-0 Nb4 15. Rc1 Bh3 16. Nxd6 Re7 17. Bxh3 Qxh3 18. Nce4 Nxd5 19. Rxc5 Nhf6 20. Ng5 Qd7 21. Ngxf7 Rxf7 22. Nxf7 Qxf7 23. Qc2 Qe6 24. Qc4 Bf8 25. Rb5 Rc8 26. Qd3 b6 27. Rc1 Bc5 28. Rb3 Ng4 29. e3 Rf8 30. f4 Re8 31. Re1 Ngxe3 32. Bxe3 Nxe3 33. Rc3 Ng4+ 0-1

[Event "Biel MTO op"]
[Site "Biel"]
[Date "1997.??.??"]
[Round "3"]
[White "Lazarev, Vladimir"]
[Black "Langeweg, Kick"]
[Result "1/2-1/2"]
[WhiteElo "2500"]
[BlackElo "2335"]
[PlyCount "49"]
[EventDate "1997.07.21"]
[EventType "swiss"]
[EventRounds "11"]
[EventCountry "SUI"]
[SourceTitle "CBM 060 Extra"]
[Source "ChessBase"]
[SourceDate "1997.11.04"]
[SourceVersion "1"]
[SourceVersionDate "1997.11.04"]
[SourceQuality "1"]

1. d4 Nf6 2. c4 e6 3. Nc3 Bb4 4. Qc2 0-0 5. a3 Bxc3+ 6. Qxc3 b6 7. Bg5 d6 8. f3 c5 9. dxc5 dxc5 10. e3 Nc6 11. Nh3 e5 12. Nf2 h6 13. Bh4 Bf5 14. Be2 Re8 15. 0-0 g5 16. Bg3 Nh5 17. Bd1 Bd7 18. Bc2 f5 19. Rad1 Qe7 20. Nd3 f4 21. Bf2 fxe3 22. Bxe3 Nd4 23. Rfe1 Qf6 24. Nf2 Nf4 25. Bxd4 1/2-1/2

[Event "NED-chT"]
[Site "Netherlands"]
[Date "1997.??.??"]
[Round "?"]
[White "Oei, Hway Ik"]
[Black "Langeweg, Kick"]
[Result "1-0"]
[WhiteElo "2195"]
[BlackElo "2335"]
[PlyCount "91"]
[EventDate "1997.??.??"]
[EventType "team"]
[EventRounds "9"]
[EventCountry "NED"]
[SourceTitle "EXT 2007"]
[Source "ChessBase"]
[SourceDate "2006.11.23"]
[SourceVersion "1"]
[SourceVersionDate "2006.11.23"]
[SourceQuality "1"]

1. d4 e6 2. e4 d5 3. Nd2 a6 4. c3 c5 5. Ngf3 Nc6 6. exd5 exd5 7. dxc5 Bxc5 8. Nb3 Ba7 9. Be2 h6 10. Bf4 Nf6 11. 0-0 0-0 12. h3 Ne4 13. Bh2 Re8 14. Nbd4 Qf6 15. Qd3 Bd7 16. a4 Na5 17. Qc2 Rac8 18. Bd3 Nc6 19. Nxc6 Rxc6 20. Qd1 Rce6 21. Bxe4 Rxe4 22. Bg3 Re2 23. Qxd5 Bc6 24. Qd6 R8e6 25. Qd3 Bxf3 26. Qxf3 Rxb2 27. Qxf6 Rxf6 28. Rad1 Ra2 29. Rd7 Rxa4 30. Rxb7 Bc5 31. Be5 Rf5 32. Bg3 Ra2 33. Rc7 a5 34. Rc8+ Kh7 35. Rc6 a4 36. Ra6 a3 37. Ra4 Rc2 38. Rc4 a2 39. Ra4 Rxc3 40. Kh2 Rc2 41. f3 Rd5 42. Bf4 g5 43. Bb8 Rdd2 44. h4 Rxg2+ 45. Kh3 Rh2+ 46. Bxh2 1-0

[Event "NED-ch52 sf"]
[Site "Enschede"]
[Date "1996.12.06"]
[Round "7"]
[White "Van der Werf, Mark"]
[Black "Langeweg, Kick"]
[Result "1/2-1/2"]
[WhiteElo "2400"]
[BlackElo "2375"]
[PlyCount "116"]
[EventDate "1996.11.29"]
[EventType "swiss"]
[EventRounds "9"]
[EventCountry "NED"]
[SourceTitle "CBM 055 Extra"]
[Source "ChessBase"]
[SourceDate "1997.01.01"]
[SourceVersion "1"]
[SourceVersionDate "1997.01.01"]
[SourceQuality "1"]

1. d4 Nf6 2. c4 e6 3. Nc3 Bb4 4. e3 b6 5. Bd3 Bb7 6. Nf3 0-0 7. 0-0 c5 8. Bd2 d6 9. a3 Bxc3 10. Bxc3 Nbd7 11. Re1 Ne4 12. Bxe4 Bxe4 13. Nd2 Bg6 14. Qf3 Qc7 15. h4 h6 16. h5 Bh7 17. Qg3 e5 18. dxe5 dxe5 19. f4 Rae8 20. Nf3 f6 21. Rad1 Rf7 22. fxe5 Be4 23. Qf4 Qb7 24. exf6 Nxf6 25. Ne5 Rff8 26. Qh2 Bf5 27. b4 Ng4 28. Qg3 Qe4 29. Nxg4 Qxg4 30. Qxg4 Bxg4 31. Rd6 cxb4 32. axb4 Bxh5 33. Bd4 Rf7 34. c5 bxc5 35. Bxc5 Rb8 36. Ra6 Rbb7 37. e4 Rf6 38. Rxa7 Rxa7 39. Bxa7 Ra6 40. Bc5 Be8 41. Re2 Bb5 42. Re3 Kf7 43. e5 Ke6 44. Bd6 Bc6 45. Re2 h5 46. Rf2 Bd5 47. Kh2 Ra2 48. Rxa2 Bxa2 49. b5 Bc4 50. b6 Bd5 51. Kh3 Kf5 52. g3 g6 53. Kh2 Bb7 54. Kg1 Ba8 55. Kf2 Bh1 56. Bc7 Ba8 57. Ke3 Bh1 58. Kd4 Ke6 1/2-1/2

[Event "NED-chT playoff"]
[Site "Breda"]
[Date "1996.05.??"]
[Round "3"]
[White "Polgar, Sofia"]
[Black "Langeweg, Kick"]
[Result "1/2-1/2"]
[WhiteElo "2495"]
[BlackElo "2375"]
[PlyCount "31"]
[EventDate "1996.05.??"]
[EventType "team"]
[EventRounds "2"]
[EventCountry "NED"]
[SourceTitle "EXT 2002"]
[Source "ChessBase"]
[SourceDate "2001.11.25"]
[SourceVersion "1"]
[SourceVersionDate "2001.11.25"]
[SourceQuality "1"]

1. e4 c5 2. Nf3 e6 3. d4 cxd4 4. Nxd4 a6 5. Bd3 Qc7 6. 0-0 Nf6 7. Kh1 b6 8. f4 d6 9. Nc3 Bb7 10. Nf3 Nbd7 11. Qe2 Nc5 12. Bd2 Nxd3 13. cxd3 Be7 14. Rfc1 Qd8 15. a4 0-0 16. Rab1 1/2-1/2

[Event "NED-chT 9697"]
[Site "Netherlands"]
[Date "1996.??.??"]
[Round "8"]
[White "Bosboom, Manuel"]
[Black "Langeweg, Kick"]
[Result "1-0"]
[WhiteElo "2425"]
[BlackElo "2375"]
[PlyCount "86"]
[EventDate "1996.??.??"]
[EventType "team"]
[EventRounds "11"]
[EventCountry "NED"]
[SourceTitle "EXT 2001"]
[Source "ChessBase"]
[SourceDate "2000.11.22"]
[SourceVersion "1"]
[SourceVersionDate "2000.11.22"]
[SourceQuality "1"]

1. d4 Nf6 2. c4 e6 3. Nf3 Bb4+ 4. Bd2 a5 5. Nc3 b6 6. Bg5 h6 7. Bh4 Bb7 8. e3 g5 9. Bg3 Ne4 10. Qc2 d6 11. Bd3 f5 12. c5 bxc5 13. 0-0 Bxc3 14. bxc3 0-0 15. Rab1 Bc6 16. dxc5 Nxc5 17. Nd4 Ba4 18. Qe2 Qf6 19. f4 Nbd7 20. e4 fxe4 21. Bc4 Kh8 22. fxg5 Qxg5 23. Bxe6 Rxf1+ 24. Rxf1 Rf8 25. Bf5 Nf6 26. Bf4 Qg7 27. Qd2 Ng8 28. Be3 Bd7 29. h3 Rf6 30. Rf4 Qf7 31. g4 Ne7 32. Bxd7 Rxf4 33. Bxf4 Nxd7 34. Bxh6 Ne5 35. Bf4 Nd3 36. Bg3 c5 37. Qh6+ Kg8 38. Ne6 Ng6 39. Ng5 Qf6 40. Qh7+ Kf8 41. Bxd6+ Ke8 42. Qg8+ Kd7 43. Nxe4 Qf3 1-0

[Event "NED-chT 9697"]
[Site "Netherlands"]
[Date "1996.??.??"]
[Round "?"]
[White "Roobol, Martin"]
[Black "Langeweg, Kick"]
[Result "0-1"]
[WhiteElo "2365"]
[BlackElo "2375"]
[PlyCount "73"]
[EventDate "1996.??.??"]
[EventType "team"]
[EventRounds "11"]
[EventCountry "NED"]
[SourceTitle "EXT 2000"]
[Source "ChessBase"]
[SourceDate "1999.11.16"]
[SourceVersion "1"]
[SourceVersionDate "1999.11.16"]
[SourceQuality "1"]

1. d4 Nf6 2. c4 e6 3. Nc3 Bb4 4. e3 0-0 5. Bd3 d5 6. Nf3 c5 7. 0-0 dxc4 8. Bxc4 Nc6 9. h3 a6 10. a3 Ba5 11. Bd3 Qe7 12. Ne4 cxd4 13. exd4 h6 14. b4 Bc7 15. Bb2 Nd5 16. Rc1 Rd8 17. Re1 Bf4 18. Rc5 Qf8 19. Rc2 Nce7 20. Qe2 b6 21. g3 Bb8 22. Ne5 Bb7 23. Nd2 Nf6 24. Ne4 Bxe5 25. dxe5 Nxe4 26. Bxe4 Bxe4 27. Qxe4 Qe8 28. Rec1 Rd5 29. Bd4 Qb5 30. Rc7 Nf5 31. g4 Rad8 32. gxf5 Rxd4 33. Qe3 Rd1+ 34. Rxd1 Rxd1+ 35. Kh2 Qf1 36. f3 Re1 37. Qd4 0-1

[Event "NED-ch51 sf"]
[Site "Enschede"]
[Date "1995.11.11"]
[Round "8"]
[White "Delemarre, Jop"]
[Black "Langeweg, Kick"]
[Result "1-0"]
[WhiteElo "2320"]
[BlackElo "2375"]
[PlyCount "115"]
[EventDate "1995.11.03"]
[EventType "swiss"]
[EventRounds "9"]
[EventCountry "NED"]
[SourceTitle "EXT 1997"]
[Source "ChessBase"]
[SourceDate "1996.11.15"]
[SourceVersion "1"]
[SourceVersionDate "1996.11.15"]
[SourceQuality "1"]

1. d4 Nf6 2. c4 e6 3. Nf3 b6 4. a3 Bb7 5. Nc3 d5 6. Bg5 Be7 7. Qa4+ Nbd7 8. Bxf6 Bxf6 9. cxd5 exd5 10. g3 a6 11. Bh3 Qe7 12. 0-0 Rd8 13. Rac1 0-0 14. Qb3 Qd6 15. Na4 Bc6 16. Rfd1 Rfe8 17. Rd2 Nb8 18. e3 h5 19. Rdc2 Bd7 20. Bxd7 Rxd7 21. h4 Qe7 22. Nc3 Qd8 23. Ne2 g6 24. Nf4 c6 25. Kg2 Rd6 26. Nd3 Kg7 27. Qa4 Qc8 28. Qb3 Qd8 29. Qa4 Qc8 30. Qb4 Qd8 31. Nf4 Re4 32. a4 c5 33. Qd2 c4 34. b3 b5 35. axb5 axb5 36. Qb4 Qd7 37. bxc4 dxc4 38. Rb2 Rxf4 39. exf4 Rd5 40. Qe1 Nc6 41. Qe4 Bxd4 42. Rd2 f5 43. Qe2 c3 44. Rd3 Bf6 45. Rcd1 Rxd3 46. Rxd3 Qb7 47. Kh2 Qe7 48. Qd1 Qc5 49. Rd7+ Ne7 50. Qc2 b4 51. Ng5 Qb5 52. Rd6 b3 53. Qd1 c2 54. Qe1 Bxg5 55. hxg5 Kf8 56. Qc3 Ng8 57. Rd8+ Kf7 58. Qh8 1-0

[Event "NED-chT 9596"]
[Site "Netherlands"]
[Date "1995.??.??"]
[Round "?"]
[White "Cuijpers, Frans Andre"]
[Black "Langeweg, Kick"]
[Result "0-1"]
[WhiteElo "2435"]
[BlackElo "2385"]
[PlyCount "92"]
[EventDate "1995.??.??"]
[EventType "team"]
[EventRounds "9"]
[EventCountry "NED"]
[SourceTitle "EXT 1999"]
[Source "ChessBase"]
[SourceDate "1998.11.16"]
[SourceVersion "1"]
[SourceVersionDate "1998.11.16"]
[SourceQuality "1"]

1. e4 c5 2. Nf3 e6 3. Nc3 Nc6 4. d4 cxd4 5. Nxd4 a6 6. f4 Qc7 7. Be3 b5 8. Be2 Bb7 9. 0-0 Rc8 10. Kh1 Nxd4 11. Qxd4 Nf6 12. Bf3 Bc5 13. Qxc5 Qxc5 14. Bxc5 Rxc5 15. e5 Bxf3 16. Rxf3 Nd5 17. Nxd5 Rxd5 18. Ra3 Ke7 19. Rxa6 Rc8 20. c3 Rd2 21. Rb1 b4 22. cxb4 Rxb2 23. Rd1 Rxb4 24. Rad6 Rxf4 25. Rxd7+ Kf8 26. Ra7 g5 27. Kg1 Rc5 28. Re1 Rf5 29. a4 Rcxe5 30. Rxe5 Rxe5 31. Kf2 Kg7 32. g4 Re4 33. h3 h5 34. gxh5 Rh4 35. Kg3 Rxh5 36. Kg4 Kg6 37. Kg3 Rh4 38. Ra6 Rb4 39. Kg2 Kf5 40. Ra8 Kf4 41. a5 e5 42. a6 Ra4 43. Kf2 Ra2+ 44. Ke1 e4 45. Kd1 f5 46. a7 e3 0-1

[Event "Donner Memorial op"]
[Site "Amsterdam"]
[Date "1995.??.??"]
[Round "9"]
[White "De Vreugt, Dennis"]
[Black "Langeweg, Kick"]
[Result "1-0"]
[WhiteElo "2270"]
[BlackElo "2375"]
[PlyCount "63"]
[EventDate "1995.08.??"]
[EventType "swiss"]
[EventRounds "11"]
[EventCountry "NED"]
[SourceTitle "EXT 1997"]
[Source "ChessBase"]
[SourceDate "1996.11.15"]
[SourceVersion "1"]
[SourceVersionDate "1996.11.15"]
[SourceQuality "1"]

1. e4 c5 2. Nf3 e6 3. d4 cxd4 4. Nxd4 Nc6 5. Nb5 d6 6. c4 Nf6 7. N1c3 a6 8. Na3 Be7 9. Be3 b6 10. g4 Ne5 11. h3 Bb7 12. Bg2 Nfd7 13. 0-0 g5 14. Ne2 h5 15. Ng3 hxg4 16. hxg4 Rh4 17. f3 Qc7 18. Rc1 Ng6 19. Nh5 Nde5 20. Rf2 Bxe4 21. fxe4 Nxg4 22. Ng7+ Kd7 23. Qa4+ Kc8 24. e5 Nxf2 25. Bxa8 Nh3+ 26. Kf1 Rf4+ 27. Ke2 Rf2+ 28. Bxf2 Ngf4+ 29. Kf1 Nxf2 30. Qxa6+ Kd8 31. Bb7 N2d3 32. Qa8+ 1-0

[Event "Zaragoza op-A"]
[Site "Zaragoza"]
[Date "1995.??.??"]
[Round "1"]
[White "Franco Ocampos, Zenon"]
[Black "Langeweg, Kick"]
[Result "1-0"]
[WhiteElo "2490"]
[BlackElo "2385"]
[PlyCount "120"]
[EventDate "1995.06.??"]
[EventType "swiss"]
[EventRounds "9"]
[EventCountry "ESP"]
[SourceTitle "EXT 1997"]
[Source "ChessBase"]
[SourceDate "1996.11.15"]
[SourceVersion "1"]
[SourceVersionDate "1996.11.15"]
[SourceQuality "1"]

1. d4 Nf6 2. Nf3 e6 3. c4 b6 4. e3 Bb7 5. Bd3 d5 6. 0-0 dxc4 7. Bxc4 a6 8. Qe2 Nbd7 9. Rd1 c5 10. Nc3 Qc7 11. d5 exd5 12. Nxd5 Nxd5 13. Bxd5 Bxd5 14. Rxd5 Be7 15. e4 0-0 16. Bf4 Qxf4 17. Rxd7 Rfe8 18. Qc4 b5 19. Qd5 Rac8 20. Ne5 c4 21. a4 bxa4 22. Nxc4 Bc5 23. Rf1 h6 24. g3 Qf3 25. Nd2 Qf6 26. Kg2 Red8 27. Nf3 Rxd7 28. Qxd7 Qc6 29. Qxc6 Rxc6 30. Rc1 Rc7 31. Rc4 Bb6 32. Rb4 Ba7 33. Nd4 Rc1 34. Rxa4 Rb1 35. Nc6 Bb6 36. Rb4 Bc5 37. Rc4 Bb6 38. Rc2 a5 39. Kf3 Kf8 40. Ne5 Ke7 41. Nc4 Bd4 42. Rd2 Bf6 43. h4 Ke8 44. e5 Be7 45. Rd5 Bb4 46. h5 Rc1 47. Nxa5 Rc2 48. Nb7 Be1 49. Nd6+ Kf8 50. Ne4 Rxb2 51. Rd8+ Ke7 52. Rg8 f5 53. exf6+ gxf6 54. Rg7+ Kf8 55. Rg6 Ke7 56. g4 Rb4 57. Rxf6 Rb3+ 58. Ke2 Rb4 59. Rf4 Bc3 60. Nxc3 Rxf4 1-0

[Event "Biel MTO op"]
[Site "Biel"]
[Date "1995.??.??"]
[Round "3"]
[White "Tukmakov, Vladimir B"]
[Black "Langeweg, Kick"]
[Result "1-0"]
[WhiteElo "2600"]
[BlackElo "2375"]
[PlyCount "81"]
[EventDate "1995.07.??"]
[EventType "swiss"]
[EventRounds "11"]
[EventCountry "SUI"]
[SourceTitle "CBM 048 Extra"]
[Source "ChessBase"]
[SourceDate "1995.11.01"]
[SourceVersion "1"]
[SourceVersionDate "1995.11.01"]
[SourceQuality "1"]

1. Nf3 Nf6 2. c4 c5 3. Nc3 Nc6 4. d4 cxd4 5. Nxd4 e6 6. g3 Qb6 7. Nb3 Ne5 8. e4 Bb4 9. Qe2 d6 10. f4 Nc6 11. Be3 Bxc3+ 12. bxc3 Qc7 13. Bg2 0-0 14. c5 dxc5 15. Bxc5 Na5 16. Bd4 Nc6 17. e5 Nd5 18. 0-0 Nxd4 19. cxd4 Rd8 20. Rac1 Qe7 21. Nc5 b6 22. Ne4 a5 23. Qf3 Qb4 24. Rfd1 Bd7 25. a3 Qb2 26. Rb1 Qc2 27. Rbc1 Qb2 28. Rb1 Qc2 29. Rdc1 Qa4 30. Qd3 Bc8 31. Nd6 Ba6 32. Qd2 Qxa3 33. Bxd5 exd5 34. Rxb6 Rdb8 35. Rbc6 Rb2 36. Rxa6 Rab8 37. Rac6 g5 38. R1c2 Rxc2 39. Rxc2 Rb1+ 40. Kg2 g4 41. Qe2 1-0